Does the entrance of the country into European Union influence an inflation convergence?

Inflačná konvergencia v krajinách Európskej únie. Proces konvergencie v EÚ. Ovplyvní vstup novej krajiny do Európskej únie inflačnú konvergenciu? Empirická analýza - údaje, výsledky.

Gespeichert in:
Bibliographische Detailangaben
1. Verfasser: Surmanová, Kvetoslava
Weitere Verfasser: Furková, Andrea, 1975-
Format: Buchkapitel
Sprache:Englisch
Schlagworte:
Tags: Tag hinzufügen
Keine Tags, Fügen Sie das erste Tag hinzu!

MARC

LEADER 00000naa$a2200000$$$4500
001 0050395
005 20240502071559.5
041 0 |a eng 
044 |a SK 
245 1 0 |a Does the entrance of the country into European Union influence an inflation convergence?  |c Kvetoslava Surmanová, Andrea Furková 
520 |a Inflačná konvergencia v krajinách Európskej únie. Proces konvergencie v EÚ. Ovplyvní vstup novej krajiny do Európskej únie inflačnú konvergenciu? Empirická analýza - údaje, výsledky. 
610 2 0 |a inflácia 
610 2 0 |a konvergencia 
610 2 0 |a metodológia 
610 2 0 |a analýzy 
610 2 0 |a dáta 
610 2 0 |a Európska únia 
100 1 |a Surmanová, Kvetoslava 
700 1 |a Furková, Andrea, 1975-